Sanat - "Joulun lapsi" - Suvi Teräsniska - Statistics

Yleistilastot
  • Tätä visaa on pelattu 4 kertaa
  • Keskiarvotulos 54 / 129
Vastaustilastot
Vastaus % Oikein
ja
100%
joulun
100%
kun
100%
lapsi
100%
100%
100%
oon
100%
100%
tie
100%
vie
100%
mun
67%
saan
67%
sun
67%
taas
67%
tähti
67%
aukaisin
33%
iltaisin
33%
kautta
33%
kuinka
33%
luo
33%
nään
33%
nähdä
33%
se
33%
sinutkin
33%
tähdet
33%
tähtitarhain
33%
tuo
33%
uudestaan
33%
voin
33%
katsot
0%
kattojen
0%
käy
0%
kiertoradallaan
0%
kirkkaimman
0%
kodistain
0%
korkeuksiin
0%
kultaa
0%
lapset
0%
laulaa
0%
laulujaan
0%
lentona
0%
loistamaan
0%
löytää
0%
lumivaipan
0%
maan
0%
meidät
0%
metsien
0%
näin
0%
niin
0%
oppaanain
0%
päässä
0%
pilvet
0%
pois
0%
puhalsin
0%
puhtaan
0%
saavun
0%
sain
0%
siivillään
0%
silloin
0%
silmiin
0%
tähden
0%
tähdenlentona
0%
tämän
0%
tehdä
0%
teille
0%
tuikkimaan
0%
tuuli
0%
valkoisen
0%
valovuoden
0%
verhot
0%
ylle
0%
yön
0%
Ehtoja vastaavia visoja ei löytynyt
Tulosjakauma
Jokaisen tuloksen saaneiden osuus
Persentiili vastausten määrän mukaan
Tuloshistoriasi
Et ole pelannut tätä visaa